Los cambios organizacionales y tecnológicos en las pequeñas y medianas empresas (Registro nro. 32345)

Detalles MARC
000 -LEADER
fixed length control field 00425 a2200121 4500
001 - CONTROL NUMBER
control field ART_39774
005 - DATE AND TIME OF LATEST TRANSACTION
control field 20260410162012.0
008 - FIXED-LENGTH DATA ELEMENTS--GENERAL INFORMATION
fixed length control field 260409a
100 1# - MAIN ENTRY--PERSONAL NAME
Personal name Kosacoff, Bernardo
245 10 - TITLE STATEMENT
Title Los cambios organizacionales y tecnológicos en las pequeñas y medianas empresas
700 1# - ADDED ENTRY--PERSONAL NAME
Personal name López, Andrés
773 0# - HOST ITEM ENTRY
Title Revista de la Escuela de Economía y Negocios
Related parts - Año 2, Nº 4 (abr. 2000)
Record control number REV39725

No hay ítems disponibles.